00580cam a22001692 4500001001100000005001700011008004100028040001500069110006100084245007600145250001300221260004200234300001900276610005800295610005400353852000300407000002479320151217155916.0140212s xx 000 0 eng d aKABUcKABU2 aKenya.bMinistry of Devolution and Planning.@000018505810aEmbu County development profile /cMinistry of Devolution and Planning. a1st ed. aNairobi :bGovernment Printer,c2013. axviii, 122 p.20aEmbu County (Kenya)xEconomic conditions.@000018506420aEmbu County (Kenya)xEconomic policy.@00001850641